00810nam a2200217 a 450000500170000000800410001704000270005804100080008504400070009308200160010010000220011624501070013826000900024530000490033550400600038465000260044465000440047065000240051470000210053870000330055920200104041529.0140304s2000 -cna fr|||| 000 0 eng d aCO-BoIAVH cCO-BoIAVH 0 aspa acn04a338.9bP92g1 aPrescott, Jacques10aGuía para desarrollar una estrategia de biodiversidad desde una perspectiva de desarrollo sostenible aQuebec :bIEPF :bPNUD :bPNUMA :bMinistére de I'Environnement du Québec,c2000. a70 páginas :bIlustraciones ;c28 x 22 cm. aIncluye referencia bibliográficas, páginas 69 y 70.16aDesarrollo sostenible26aEstrategias nacionales de biodiversidad26aManual de métodos1 aGauthier, Benoit1 aMbongu Sodi, Jonas Nagahuedi